Index cen výrobců a index cen zahraničního obchodu v USA.

Index cien výrobcov (bývalý veľkoobchodný index), jeho história a konštrukcia. Zber dát, publikovanie a využitie indexov cien výrobcov. Index cien zahraničného obchodu a výberový index vývozných a dovozných cien (IPP - The International Price Program).

Saved in:
Bibliographic Details
Main Author: Kudlák, K.
Format: Book Chapter
Language:Czech
Subjects:
Tags: Add Tag
No Tags, Be the first to tag this record!

MARC

LEADER 00000naa a2200000 4500
001 r007431
005 20220831090951.2
041 0 |a cze 
044 |a [CS] 
245 1 0 |a Index cen výrobců a index cen zahraničního obchodu v USA.  |c K. Kudlák 
520 |a Index cien výrobcov (bývalý veľkoobchodný index), jeho história a konštrukcia. Zber dát, publikovanie a využitie indexov cien výrobcov. Index cien zahraničného obchodu a výberový index vývozných a dovozných cien (IPP - The International Price Program). 
610 2 0 |a indexy cenové 
610 2 0 |a USA 
610 2 0 |a ceny dovozné 
610 2 0 |a ceny vývozné 
100 1 |a Kudlák, K.